000
00284cam a2200109ua 4500
082
_a
822
_b
CRA/SH
100
_a
Shakespeare, William.
_9
1841
245
_a
Histories and Poems of Shakespeare /
260
_a
London :
_b
Oxford University Press ,
_c
1962.
300
_a
1214 ; .
942
_c
BK
999
_c
7913
_d
7913